| 000 | 00381nam a2200157Ia 4500 | ||
|---|---|---|---|
| 008 | 220216s9999 xx 000 0 und d | ||
| 100 | _aRavindran D | ||
| 245 | 0 | _aIndias slow ride into the global market | |
| 260 |
_bRubber Asia _c2002 |
||
| 300 | _a123-129 | ||
| 650 | _aGlobal market | ||
| 650 | _aGlobalization | ||
| 650 | _aIndia | ||
| 650 | _aTyre industry | ||
| 942 | _cJS | ||
| 999 |
_c61123 _d61123 |
||